<?xml version="1.0" encoding="UTF-8"?>
<record
    xmlns:xsi="http://www.w3.org/2001/XMLSchema-instance"
    xsi:schemaLocation="http://www.loc.gov/MARC21/slim http://www.loc.gov/standards/marcxml/schema/MARC21slim.xsd"
    xmlns="http://www.loc.gov/MARC21/slim">

  <leader>03613cam a2200397 i 4500</leader>
  <controlfield tag="000">     nam a22     7a 4500</controlfield>
  <controlfield tag="001">21353405</controlfield>
  <controlfield tag="005">20231030092324.0</controlfield>
  <controlfield tag="008">191115s2018    mx ab    b    000 0 spa  </controlfield>
  <datafield tag="906" ind1=" " ind2=" ">
    <subfield code="a">7</subfield>
    <subfield code="b">cbc</subfield>
    <subfield code="c">origres</subfield>
    <subfield code="d">2</subfield>
    <subfield code="e">ncip</subfield>
    <subfield code="f">20</subfield>
    <subfield code="g">y-gencatlg</subfield>
  </datafield>
  <datafield tag="925" ind1="0" ind2=" ">
    <subfield code="a">acquire</subfield>
    <subfield code="b">1 shelf copy</subfield>
    <subfield code="x">policy default</subfield>
  </datafield>
  <datafield tag="955" ind1=" " ind2=" ">
    <subfield code="d">bf09 2020-09-29 (telework)</subfield>
    <subfield code="e">bf09 2020-09-29 (telework)</subfield>
  </datafield>
  <datafield tag="010" ind1=" " ind2=" ">
    <subfield code="a">  2020367051</subfield>
  </datafield>
  <datafield tag="020" ind1=" " ind2=" ">
    <subfield code="a">9786075255583</subfield>
  </datafield>
  <datafield tag="035" ind1=" " ind2=" ">
    <subfield code="a">(Mx-MxBFM)bfm970189090</subfield>
  </datafield>
  <datafield tag="040" ind1=" " ind2=" ">
    <subfield code="a">DLC</subfield>
    <subfield code="b">eng</subfield>
    <subfield code="e">rda</subfield>
    <subfield code="c">DLC</subfield>
  </datafield>
  <datafield tag="042" ind1=" " ind2=" ">
    <subfield code="a">pcc</subfield>
  </datafield>
  <datafield tag="043" ind1=" " ind2=" ">
    <subfield code="a">n-mx---</subfield>
  </datafield>
  <datafield tag="050" ind1="0" ind2="0">
    <subfield code="a">HQ1462</subfield>
    <subfield code="b">.C345 2018</subfield>
  </datafield>
  <datafield tag="245" ind1="0" ind2="0">
    <subfield code="a">Caminar por senderos propios :</subfield>
    <subfield code="b">las mujeres en los siglos XVII-XX /</subfield>
    <subfield code="c">Gloria A. Tirado Villegas, Elva Rivera G&#xF3;mez, coordinadoras.</subfield>
  </datafield>
  <datafield tag="250" ind1=" " ind2=" ">
    <subfield code="a">Primera edici&#xF3;n.</subfield>
  </datafield>
  <datafield tag="264" ind1=" " ind2="1">
    <subfield code="a">Puebla, Pue. :</subfield>
    <subfield code="b">Benem&#xE9;rita Universidad Aut&#xF3;noma de Puebla ;</subfield>
    <subfield code="a">Quer&#xE9;taro, Quer&#xE9;taro, M&#xE9;xico :</subfield>
    <subfield code="b">Universidad Aut&#xF3;noma de Quer&#xE9;taro,</subfield>
    <subfield code="c">[2018?]</subfield>
  </datafield>
  <datafield tag="300" ind1=" " ind2=" ">
    <subfield code="a">226 pages :</subfield>
    <subfield code="b">illustrations, maps ;</subfield>
    <subfield code="c">23 cm</subfield>
  </datafield>
  <datafield tag="336" ind1=" " ind2=" ">
    <subfield code="a">text</subfield>
    <subfield code="b">txt</subfield>
    <subfield code="2">rdacontent</subfield>
  </datafield>
  <datafield tag="337" ind1=" " ind2=" ">
    <subfield code="a">unmediated</subfield>
    <subfield code="b">n</subfield>
    <subfield code="2">rdamedia</subfield>
  </datafield>
  <datafield tag="338" ind1=" " ind2=" ">
    <subfield code="a">volume</subfield>
    <subfield code="b">nc</subfield>
    <subfield code="2">rdacarrier</subfield>
  </datafield>
  <datafield tag="500" ind1=" " ind2=" ">
    <subfield code="a">Contains photos, maps, graphs, tables.</subfield>
  </datafield>
  <datafield tag="504" ind1=" " ind2=" ">
    <subfield code="a">Includes bibliographical references.</subfield>
  </datafield>
  <datafield tag="505" ind1="0" ind2=" ">
    <subfield code="a">La importancia de la transgresi&#xF3;n en los estudios de vida cotidiana : Acapulco, siglo XVII / Luz Alejandra C&#xE1;rdenas Santana -- Manuel Contreras, una mujer con espIritu moderno / Ana Mar&#xED;a del Socorro Garc&#xED;a Garc&#xED;a, Roc&#xED;o Ochoa Garc&#xED;a [y] Julieta Arcos Chigo -- Angela Peralta : el Ruise&#xF1;or Mexicano, a trav&#xE9;s de la prensa queretana / Olivia Sol&#xED;s Hern&#xE1;ndez, Mar&#xED;a Concepci&#xF3;n Padilla Gonz&#xE1;lez -- La voz femenina en la prensa pedag&#xF3;gica mexicana : el caso de la profesora Clemencia Ostos a principios del siglo XX / Ana Mar&#xED;a del Socorro Garc&#xED;a Garc&#xED;a [y] Edwin Alberto Morales V&#xE1;zquez -- Las mujeres de la educaci&#xF3;n : Oaxaca y la participaci&#xF3;n de las maestras en el porfiriato / Elva Rivera G&#xF3;mez -- Las mujeres y la violencia en Puebla : entre dos realidades, el porfiriato / Elva Rivera G&#xF3;mez -- Las mujeres y la violencia en Puebla : entre dos realidades, el porfiriato y su pantalla de progreso / Rita Mart&#xED;n Hern&#xE1;ndez D&#xE1;vila -- Ante el deber, el derecho : madre, mujer y obrera frente al art&#xED;culo constitucional 123 (1917-1920) / Ana Karen L&#xF3;pez Candia -- Entre el desencanto y la esperanza : acercamiento a las voces polif&#xF3;nicas del &#xFA;ltimo discurso de Hermila Galindo, la feminista m&#xE1;s relevante de la Revoluci&#xF3;n Mexicana / Rosa Mar&#xED;a Valles Ruiz -- Muchachas en acci&#xF3;n : M&#xE9;xico como potencia en el basquetbol feminil de 1946 / Xochitl Andrea Sen Santos -- Una historia de resilencia y memoria : Judith Garc&#xED;a Barrera / Gloria Arminda Tirado Villegas -- Las cuidadoras de enfermos mentales : dos testimonios de madres de enfermos que esquizofrenia / Susana Torres Ortiz [y] Victoria Rita Ortiz Loyo -- Una mujer emprendedora y l&#xED;der en el Valle del Mezquital, Hidalgo / Mar&#xED;a Elena Torres Cuevas -- Las feministas hacen suya la radio : Del Foro para la Mujer a Radio Violeta / Elvira Hern&#xE1;ndez Carballido [y] Layla S&#xE1;nchez Kury -- Discursos representativos de la mujer migrante en la radionovela mexicana del siglo XXI / M&#xF3;nica Ginez Toriz [y] Ulises Sebasti&#xE1;n Serrano Arias.</subfield>
  </datafield>
  <datafield tag="650" ind1=" " ind2="0">
    <subfield code="a">Women</subfield>
    <subfield code="z">Mexico</subfield>
    <subfield code="x">History.</subfield>
  </datafield>
  <datafield tag="650" ind1=" " ind2="0">
    <subfield code="a">Women</subfield>
    <subfield code="z">Mexico</subfield>
    <subfield code="v">Biography.</subfield>
  </datafield>
  <datafield tag="700" ind1="1" ind2=" ">
    <subfield code="a">Tirado Villegas, Gloria,</subfield>
    <subfield code="e">editor.</subfield>
  </datafield>
  <datafield tag="700" ind1="1" ind2=" ">
    <subfield code="a">Rivera G&#xF3;mez, Elva,</subfield>
    <subfield code="e">editor.</subfield>
  </datafield>
  <datafield tag="923" ind1=" " ind2=" ">
    <subfield code="d">20191211</subfield>
    <subfield code="n">3558</subfield>
    <subfield code="s">Mx-MxBFM</subfield>
  </datafield>
  <datafield tag="985" ind1=" " ind2=" ">
    <subfield code="e">VENDOR LOAD</subfield>
  </datafield>
  <datafield tag="999" ind1=" " ind2=" ">
    <subfield code="c">62080</subfield>
    <subfield code="d">62080</subfield>
  </datafield>
  <datafield tag="980" ind1=" " ind2=" ">
    <subfield code="6">1</subfield>
    <subfield code="a">ALBERTO SANCHEZ Responsable de Automatizaci&#xF3;n</subfield>
    <subfield code="8">1</subfield>
    <subfield code="g">ALBERTO SANCHEZ Responsable de Automatizaci&#xF3;n</subfield>
  </datafield>
</record>
